000
00366nam a2200145Ia 4500
008
231129s2005||||xx |||||||||||||| ||spa||
020
_a
958-42-1189-7
040
_b
spa
082
_a
Co863 S211du
100
_a
Sanchez Juliao David
245
0
_a
Dulce veneno moreno
260
_c
2005
264
_a
Planeta
942
_2
ddc
_c
BKS
999
_c
9846
_d
9846